| 000 | 02405nam a2200625 i 4500 | ||
|---|---|---|---|
| 001 | 31881 | ||
| 003 | KOSZ 005 | ||
| 005 | 20260414145130.0 | ||
| 008 | 200626s1997 pl a f 100 0 pol | ||
| 015 | _aUWD 1998/10162 | ||
| 020 | _a8387424099 | ||
| 035 | _a991003769619705066 | ||
| 035 | _a(PL-WaBN)b11006006-48omnis_nlop | ||
| 035 | _ab11006006 | ||
| 035 | _a(OCoLC)830094037 | ||
| 035 | _a(PL)b0000001100600 | ||
| 035 | _a(EXLNZ-48OMNIS_NETWORK)9910163476705606 | ||
| 040 |
_aWA N _cWA N _dKOSZ 005/RW |
||
| 046 | _k1997 | ||
| 080 | _a338.43(438) | ||
| 080 | _a332.14 | ||
| 245 | 0 | 0 |
_aPolityka regionalna a wielofunkcyjny rozwój obszarów wiejskich Pomorza Środkowego / _credakcja naukowa Michał Jasiulewicz, Bogusław Polak ; Politechnika Koszalińska. |
| 260 |
_aKoszalin : _bWydawnictwo Uczelniane Politechniki Koszalińskiej, _c1997. |
||
| 300 |
_a339 stron : _bmapy, wykresy ; _c24 cm. |
||
| 336 |
_aTekst _btxt _2rdacontent |
||
| 337 |
_aBez urządzenia pośredniczącego _bn _2rdamedia |
||
| 338 |
_aWolumin _bnc _2rdacarrier |
||
| 380 | _aKsiążki | ||
| 380 | _aPublikacje naukowe | ||
| 388 | 1 | _a1901-2000 | |
| 388 | 1 | _a1989-2000 | |
| 500 | _aMateriały konferencyjne Instytutu Zarządzania i Marketingu. | ||
| 504 | _aBibliografia przy referatach. | ||
| 648 | 7 | _a1901-2000 | |
| 648 | 7 | _a1989-2000 | |
| 648 | 7 | _a2001- | |
| 650 | 7 |
_aRegionalizacja gospodarcza _2DBN |
|
| 650 | 7 |
_aRolnictwo _2DBN |
|
| 650 | 7 | _aPolityka | |
| 651 | 7 |
_aKoszalin (woj. zachodniopomorskie ; okolice) _2DBN |
|
| 651 | 7 |
_aSłupsk (woj. pomorskie ; okolice) _2DBN |
|
| 651 | 7 | _aPolska | |
| 655 | 7 |
_aMateriały konferencyjne _2DBN |
|
| 655 | 7 | _aPraca zbiorowa | |
| 658 | _aGospodarka, ekonomia, finanse | ||
| 658 | _aPolityka, politologia, administracja publiczna | ||
| 700 | 1 |
_aJasiulewicz, Michał _d(1946- ) _eRedakcja |
|
| 700 | 1 |
_aPolak, Bogusław _d(1945- ) _eRedakcja |
|
| 710 | 2 | _aPolitechnika Koszalińska | |
| 710 | 2 |
_aWydawnictwo Uczelniane (Politechnika Koszalińska) _4pbl |
|
| 856 |
_uhttp://koha.tu.koszalin.pl/cgi-bin/koha/opac-detail.pl?biblionumber=31881 _yKatalog online BPK |
||
| 856 |
_uhttps://dlibra.tu.koszalin.pl/dlibra/publication/1462/edition/1458 _yBiblioteka Cyfrowa |
||
| 942 |
_2UKD _cKS |
||
| 999 |
_c31881 _d31881 |
||